| Tag |
First Indicator |
Second Indicator |
Subfields |
| LEADER |
00000cam a2200000 a 4500 |
| 001 |
in00000089161 |
| 005 |
20151008065327.0 |
| 008 |
810603s1963 nyu j 00011 eng d |
| 020 |
|
|
|a 0440975964 (pbk.) : $1.95
|
| 035 |
|
|
|a (OCoLC)07474602
|
| 035 |
|
|
|9 AAK5755AM
|
| 040 |
|
|
|a SPL
|c SPL
|d TXA
|d UtOrBLW
|
| 049 |
|
|
|a [Curr Col] TXAM
|c 1 [802282], 2 [802283]
|
| 090 |
|
|
|a PZ7.C5792
|b Si 1981
|
| 092 |
|
|
|a Fic
|
| 100 |
1 |
|
|a Cleary, Beverly.
|
| 245 |
1 |
0 |
|a Sister of the bride /
|c Beverly Cleary.
|
| 264 |
|
1 |
|a New York, N.Y. :
|b Dell,
|c [1963]
|
| 264 |
|
3 |
|c 1981 printing
|
| 264 |
|
4 |
|c ©1963
|
| 300 |
|
|
|a 219 pages ;
|c 18 cm.
|
| 336 |
|
|
|a text
|b txt
|2 rdacontent
|
| 337 |
|
|
|a unmediated
|b n
|2 rdamedia
|
| 338 |
|
|
|a volume
|b nc
|2 rdacarrier
|
| 490 |
0 |
|
|a Laurel-Leaf books
|
| 999 |
|
|
|a MARS
|
| 999 |
f |
f |
|s 3b951584-5106-353f-9fe6-f2a0e2d3a70b
|i 2274e804-ae53-3c9c-891b-e372dd7d9775
|t 0
|
| 952 |
f |
f |
|p ric
|a Texas A&M University
|b Rellis Campus
|c Joint Library Facility
|d Remote Storage
|t 0
|e PZ7.C5792 Si 1981
|h Library of Congress classification
|i unmediated -- volume
|m A14806054931
|
| 952 |
f |
f |
|p normal
|a Texas A&M University
|b College Station
|c Sterling C. Evans Library
|d Evans: Curriculum Collection (4th floor)
|t 0
|e PZ7.C5792 Si 1981
|h Library of Congress classification
|i unmediated -- volume
|m A14806054949
|
| 998 |
f |
f |
|a PZ7.C5792 Si 1981
|t 0
|l Remote Storage
|
| 998 |
f |
f |
|a PZ7.C5792 Si 1981
|t 0
|l Evans: Curriculum Collection (4th floor)
|